000 00710cam a22002055a 4500
001 L142862
008 080317e19040804xxk eng u
035 _a(Sirsi) u142862
041 _aeng
110 1 _aEstate Agents Institute
_91038
245 0 0 _aMalpractices
260 _aLondon
_bEstate Agents' Institute
_c1904
300 _a1 sheet
_c20 x 17cm.
340 _aPrinted
351 _cSingle item
500 _aItem is a printed letter signed by Walter Jas. Taylor, Secretary, regarding possible malpractices being carried out by an individual, and warning the recipients of the letter to be on their guard.
651 4 _aEngland
_y886-
690 _aABOUT RICS-RELATED ORGANISATIONS
942 _n0
999 _c116787
_d116787